| 000 | 00597nam a2200217Ia 4500 | ||
|---|---|---|---|
| 999 |
_c62335 _d62335 |
||
| 003 | 0100 | ||
| 005 | 20171017112116.0 | ||
| 008 | 130303s9999 xx 000 0 und d | ||
| 040 | _cARRUPELIB | ||
| 050 | _aB765.T54H53 1995 | ||
| 100 |
_aHibbs, Thomas S. _97902 |
||
| 245 | _aDialectic and narrative in Aquinas | ||
| 245 | _ban interpretation of the Summa contra gentiles | ||
| 260 | _aNotre Dame and London | ||
| 260 | _bUniversity of Notre Dame press | ||
| 300 | _axi | ||
| 300 | _b 242p. 24cm. | ||
| 440 |
_aA series of books on ethics _937153 |
||
| 600 |
_aThomas Aquinas, St. Contra gentiles _937154 |
||
| 942 |
_2lcc _cMONOGRAPH |
||